বঙ্গবন্ধু শেখ মুজিবুর রহমান ও বাংলাদেশর জন্ম / (Record no. 6629)
[ view plain ]
| 000 -LEADER | |
|---|---|
| fixed length control field | 01258nam a22002297a 4500 |
| 003 - CONTROL NUMBER IDENTIFIER | |
| control field | BUBTL |
| 008 - FIXED-LENGTH DATA ELEMENTS--GENERAL INFORMATION | |
| fixed length control field | 220111b ||||| |||| 00| 0 eng d |
| 020 ## - INTERNATIONAL STANDARD BOOK NUMBER | |
| International Standard Book Number | 9789846341386 |
| 082 ## - DEWEY DECIMAL CLASSIFICATION NUMBER | |
| Classification number | 954.925/ K1277b/ 2019 |
| 100 ## - MAIN ENTRY--PERSONAL NAME | |
| 9 (RLIN) | 4466 |
| Personal name | কামাল, কাজী আহমেদ |
| 245 ## - TITLE STATEMENT | |
| Title | বঙ্গবন্ধু শেখ মুজিবুর রহমান ও বাংলাদেশর জন্ম / |
| Statement of responsibility, etc. | কাজী আহমেদ কামাল, হাসান খুরশীদ রুমি |
| 250 ## - EDITION STATEMENT | |
| Edition statement | 3rd Edn. |
| 260 ## - PUBLICATION, DISTRIBUTION, ETC. (IMPRINT) | |
| Place of publication, distribution, etc. | ঢাকা : |
| Name of publisher, distributor, etc. | পাঞ্জেরী পাবলকেশন্স লি., |
| Date of publication, distribution, etc. | c2019 |
| 300 ## - PHYSICAL DESCRIPTION | |
| Extent | 208 p. : |
| Dimensions | 22 cm. |
| 505 ## - FORMATTED CONTENTS NOTE | |
| Formatted contents note | বঙ্গবন্ধু শেখ মুজিবুর রহমান ও বাংলাদেশর জন্ম, বঙ্গবন্ধু, শেখ মুজিবুর রহমান, বাংলাদেশ, কাজী আহমেদ কামাল, হাসান খুরশীদ রুমি |
| 650 #0 - SUBJECT ADDED ENTRY--TOPICAL TERM | |
| 9 (RLIN) | 3573 |
| Topical term or geographic name as entry element | বঙ্গবন্ধু |
| 650 #0 - SUBJECT ADDED ENTRY--TOPICAL TERM | |
| 9 (RLIN) | 4372 |
| Topical term or geographic name as entry element | Bangabandhu |
| 700 ## - ADDED ENTRY--PERSONAL NAME | |
| 9 (RLIN) | 4481 |
| Personal name | রুমি, হাসান খুরশীদ |
| 856 ## - ELECTRONIC LOCATION AND ACCESS | |
| Password | 0 |
| Logon | 0 |
| Link text | Download |
| 942 ## - ADDED ENTRY ELEMENTS (KOHA) | |
| Source of classification or shelving scheme | |
| Koha item type | Books |
| Withdrawn status | Lost status | Source of classification or shelving scheme | Damaged status | Not for loan | Collection code | Permanent location | Current location | Shelving location | Date acquired | Source of acquisition | Inventory number | Total Checkouts | Full call number | Barcode | Date last seen | Copy number | Price effective from | Koha item type |
|---|---|---|---|---|---|---|---|---|---|---|---|---|---|---|---|---|---|---|
| Non-fiction | Bangladesh University of Business and Technology Library | Bangladesh University of Business and Technology Library | Historical Books | 03/11/2020 | Purchase | 27048 | 954.925/ K1277b/ 2019 | BUBTL-200327048 | 01/11/2022 | C-1 | 01/11/2022 | Books |
